| Поле | Инд. | ПП | Название | Значение |
|---|---|---|---|---|
| Тип записи | a | |||
| Библиографический уровень | m | |||
| 001 | Контрольный номер | b62d67e152af41528b5bcf2b6af2a0ac | ||
| 005 | Дата корректировки | 20260309122627.3 | ||
| 084 | a | Индекс другой классификации/Индекс ББК | 4 | |
| 091 | i | Возрастная адресация (DOS) | 6+ | |
| 097 | b | Оператор | Кондратьева; Макарчук | |
| 245 | 10 | a | Заглавие | Домашний любимец |
| n | Номер части/ раздела | 2 | ||
| 260 | c | Дата издания | 2026 | |
| 900 | a | Имя макрообъекта | 0000003906451 | |
| 901 | t | Тип документа | s |